Authorship attribution and profiling

Gespeichert in:
Bibliographische Detailangaben
1. Verfasser: Kalný, Tomáš (Verfasst von)
Weitere Verfasser: Petrík, Juraj (Betreuung Doktorarbeit)
Format: Manuskript Buch
Sprache:Slowakisch
Englisch
Veröffentlicht: 2023
Schlagworte:
Online-Zugang:http://is.stuba.sk/zp/portal_zp.pl?podrobnosti=155001
Tags: Tag hinzufügen
Keine Tags, Fügen Sie das erste Tag hinzu!

MARC

LEADER 00000ntm a22000003a 4500
001 stuzp92354
003 SK-STU
005 20230909212859.3
007 ta
008 150427s2015----xo-----f-mn---000-0-slo-d
040 |a STU  |b slo 
041 0 |a eng 
100 1 |a Kalný, Tomáš  |u 070200  |4 aut  |U FIIT Fakulta informatiky a informačných technológií  |T FIIT Ústav informatiky, informačných systémov a softvérového inžinierstva  |X 102977  |U I200  |Y 179  |7 102977 
242 0 1 |a Určovanie a profilácia autorstva  |y slo 
245 1 0 |a Authorship attribution and profiling 
260 |c 2023 
650 4 |a stylometria  |2 slo 
650 4 |a určovanie autorstva  |2 slo 
650 4 |a klasifikácia  |2 slo 
650 4 |a classification  |2 eng 
650 4 |a stylometry  |2 eng 
650 4 |a authorship attribution  |2 eng 
700 1 |a Petrík, Juraj  |u 070200  |k Z3  |4 ths  |U FIIT Fakulta informatiky a informačných technológií  |T FIIT Ústav informatiky, informačných systémov a softvérového inžinierstva  |X 5731  |U I200  |Y 179  |7 A000005731 
856 4 |u http://is.stuba.sk/zp/portal_zp.pl?podrobnosti=155001